000 00620nam a22002177a 4500
003 OSt
005 20210420111023.0
008 201214s2014 ||||| |||| 00| 0 eng d
020 _a9781783350520
040 _aeng
_beng
_cDLC
_deng
041 _aeng
080 _a811.111
_bM-34
100 _9479
_aMarsh, David
245 _aFor Who the Bell Tolls
_b: The Essential and Entertaining Guide to Grammar
_c/ by: Guardian Books
260 _aLondon
_bGuardian Books
_c2014
300 _a296 p.
365 _b7.99 gbp
650 0 _9480
_aEnglish Language
653 _aინგლისური ენა
942 _2udc
_cBK
999 _c590
_d590